The Portrait of a Lady

Guardado en:
Bibliografiske detaljer
Hovedforfatter: James, Henry
Format: Bog
Sprog:Undetermined
Udgivet: New York, Estados Unidos Houghton Mifflin Company 1963
Fag:
Tags: Tilføj Tag
Ingen Tags, Vær først til at tagge denne postø!

MARC

LEADER 00000nam a2200000Ia 4500
008 170316s9999 xx 000 0 und d
040 |a cru BVZT 
090 |a 810 J-3p 
100 |a James, Henry 
245 4 |a The Portrait of a Lady 
260 |a New York, Estados Unidos 
260 |b Houghton Mifflin Company 
260 |c 1963 
300 |a 488 páginas 
650 |a LITERATURA ESTADOUNIDENSE 
999 |c 5793  |d 5793 
942 |c 15 D  |h 810 J-3p  |2 z